Návrh digitálneho dvojčaťa pre automatickú triediacu linku

Na minha lista:
Detalhes bibliográficos
Autor principal: Dúžek, Filip (Author)
Outros Autores: Ružarovský, Roman (Thesis advisor)
Formato: Manuscrito Livro
Idioma:eslovaco
Publicado em: 2025
Assuntos:
Acesso em linha:http://is.stuba.sk/zp/portal_zp.pl?podrobnosti=176912
Tags: Adicionar Tag
Sem tags, seja o primeiro a adicionar uma tag!

MARC

LEADER 00000ntm a22000003a 4500
001 stuzp105972
003 SK-STU
005 20250628212928.2
007 ta
008 150427s2015----xo-----f-mn---000-0-slo-d
040 |a STU  |b slo 
041 0 |a slo 
100 1 |a Dúžek, Filip  |u 063000  |4 aut  |U MTF Materiálovotechnologická fakulta  |T MTF Ústav výrobných technológií  |X 121967  |U M3000  |Y 83  |7 121967 
242 0 1 |a Digital twin design for automatic sorting line  |y eng 
245 1 0 |a Návrh digitálneho dvojčaťa pre automatickú triediacu linku 
260 |c 2025 
650 4 |a Siemens TIA Portal  |2 slo 
650 4 |a HMI panel  |2 slo 
650 4 |a Digitálne dvojča  |2 slo 
650 4 |a Triediaca linka  |2 slo 
650 4 |a Siemens NX MCD  |2 slo 
650 4 |a Simulácia  |2 slo 
650 4 |a Digital twin  |2 eng 
650 4 |a Sorting line  |2 eng 
650 4 |a Siemens NX MCD  |2 eng 
650 4 |a HMI panel  |2 eng 
650 4 |a Simulation  |2 eng 
650 4 |a Siemens TIA Portal  |2 eng 
700 1 |a Ružarovský, Roman  |u 063800  |k Z1  |4 ths  |U MTF Ústav výrobných technológií  |T MTF Katedra výrobných zariadení a systémov  |X 30883  |U M3800  |Y 660  |7 A000030883 
856 4 |u http://is.stuba.sk/zp/portal_zp.pl?podrobnosti=176912 
996 |c M* BP-9905  |l MMSKP  |s P  |a 0  |w stuzp105972_0001